000 01253namaa2200313 i 4500
003 EG-GICUC
005 20260408104558.0
008 260408s1998 ua ||||gr|||| 000 0 ara d
040 _aEG-GiCUC
_bara
_cEG-GiCUC
_dEG-GiCUC
_erda
082 0 4 _221
_a920.720962
_bF254
092 0 4 _221
_a920.720962
_bF254
099 _a920.720962 F254
100 1 _aعبد الفتاح، كاميليا
_eمؤلف.
245 1 2 _a‪الرائدات فى مجال العلم /
_c‪كاميليا عبدالفتاح.
264 _a‪القاهرة :
_bالهيئة المصرية العامة للكتاب،
_c1998.
300 _a130 ؛ صفحة
_c15 سم
336 _2rdacontent
_atext
337 _2rdamedia
_aUnmediated
338 _2rdacarrier
_avolume
490 _aمهرجان القاهرة للجميع . مكتبة الاسرة 1998. كتاب الشباب
504 _a.
541 _aد. جابر عصفور ؛
_bالقاهرة ؛
_cإهداء ؛
_d2024.
650 1 _aالمرأة
_vتراجم.
_2qrmak
650 1 _aالمرأة المصرية.
651 1 _2qrmak
_aمصر
_vتراجم.
830 _aمهرجان القاهرة للجميع.
_pمكتبة الاسرة 1998.
_pكتاب الشباب
905 _aAsmaa
942 _2ddc
_cBK
_e21
_n0
999 _c179296
_d179296